000 00603nam a2200205 i 4500
001 43148
003 ES-MaACL
005 20250729062621.0
007 t|
008 030317s1974 mx ||||1| spa d
100 1 _aCerroni, Umberto.
_937576
245 1 0 _aIntroducción al pensamiento político /
_cpor Umberto Cerroni ; traducción de Arnaldo Córdova.
250 _a5ª ed.
260 _aMéxico :
_bSiglo Veintiuno,
_c1974.
300 _a87 p. ;
_c15 cm.
650 7 _aPolítica
_2embne
_9140345
700 1 _aCórdova, Arnaldo.
_940566
852 _aES-MaACL
_jE-8077
999 _c43148
_d43148